Statistics for Muscles in the forearm

Click here to take the quiz!

General Stats

  • This quiz has been taken 23 times
  • The average score is 7 of 11

Answer Stats

Answer% Correct
flexor carpi ulnaris
94%
Pronator teres
94%
flexor carpi radialis
89%
palmaris longus
78%
flexor digitorum profundus
67%
flexor digitorum superficialis
67%
pronator quadratus
67%
flexor pollicis longus
44%
pronator teres
44%
distal phalanges
28%
middle phalanges
28%

Score Distribution

Percentile by Number Answered

Percent of People with Each Score

Your Score History

You have not taken this quiz